Emotional intelligence / (Record no. 17799)
[ view plain ]
| 000 -LEADER | |
|---|---|
| fixed length control field | 00904pam a2200313 a 4500 |
| 001 - CONTROL NUMBER | |
| control field | 013799960 |
| 003 - CONTROL NUMBER IDENTIFIER | |
| control field | Uk |
| 005 - DATE AND TIME OF LATEST TRANSACTION | |
| control field | 20201128021004.0 |
| 008 - FIXED-LENGTH DATA ELEMENTS--GENERAL INFORMATION | |
| fixed length control field | 090507s2008 xxka gr 001 0 eng |
| 010 ## - LIBRARY OF CONGRESS CONTROL NUMBER | |
| LC control number | 2009294425 |
| 016 7# - NATIONAL BIBLIOGRAPHIC AGENCY CONTROL NUMBER | |
| Record control number | 013799960 |
| Source | Uk |
| 020 ## - INTERNATIONAL STANDARD BOOK NUMBER | |
| International Standard Book Number | 9780340945919 (pbk.) |
| 020 ## - INTERNATIONAL STANDARD BOOK NUMBER | |
| International Standard Book Number | 0340945915 (pbk.) |
| 040 ## - CATALOGING SOURCE | |
| Original cataloging agency | StDuBDS |
| Language of cataloging | eng |
| Transcribing agency | StDuBDS |
| Modifying agency | Uk |
| 050 00 - LIBRARY OF CONGRESS CALL NUMBER | |
| Classification number | BF576 |
| Item number | D36 2007 |
| 082 04 - DEWEY DECIMAL CLASSIFICATION NUMBER | |
| Classification number | 152.402465 |
| Edition number | 22 |
| Item number | DAN |
| 100 1# - MAIN ENTRY--PERSONAL NAME | |
| Personal name | Dann, Jill |
| 9 (RLIN) | 34571 |
| 245 10 - TITLE STATEMENT | |
| Title | Emotional intelligence / |
| Statement of responsibility, etc | Jill Dann. |
| 260 ## - PUBLICATION, DISTRIBUTION, ETC. (IMPRINT) | |
| Place of publication, distribution, etc | London : |
| Name of publisher, distributor, etc | Hodder Education, |
| Date of publication, distribution, etc | 2008. |
| 300 ## - PHYSICAL DESCRIPTION | |
| Extent | xiv, 210 p. : |
| Other physical details | ill. ; |
| Dimensions | 20 cm. |
| 490 0# - Series Statement | |
| Series statement | Instant manager |
| 500 ## - GENERAL NOTE | |
| General note | Index : p. 207-210. |
| 590 ## - LOCAL NOTE (RLIN) | |
| Local note | Book for the road program. |
| 650 #0 - SUBJECT ADDED ENTRY--TOPICAL TERM | |
| Topical term or geographic name as entry element | Emotional intelligence. |
| 9 (RLIN) | 4942 |
| 650 #0 - SUBJECT ADDED ENTRY--TOPICAL TERM | |
| Topical term or geographic name as entry element | Success in business |
| 9 (RLIN) | 1390 |
| 653 ## - INDEX TERM--UNCONTROLLED | |
| Resource For college | |
| Arrived date list | December2013 |
| 655 ## - INDEX TERM--GENRE/FORM | |
| Form subdivision | |
| -- | 34232 |
| 942 ## - ADDED ENTRY ELEMENTS (KOHA) | |
| Source of classification or shelving scheme | Dewey Decimal Classification |
| Item type | Book - Borrowing |
| Call number prefix | 152.402465 DAN |
| Withdrawn status | Item status | Source of classification or shelving scheme | Damaged status | Not for loan | Vendor | Home library | Current library | Shelving location | Date acquired | Source of acquisition | Cost, normal purchase price | Total Checkouts | Total Renewals | Full call number | Barcode | Date last seen | Date last borrowed | Cost, replacement price | Koha item type |
|---|---|---|---|---|---|---|---|---|---|---|---|---|---|---|---|---|---|---|---|
| Dewey Decimal Classification | سور الازبكية | Central Library | Central Library | Lower Floor | 09/12/2013 | 25.00 | 17 | 49 | 152.402465 DAN | 000035132 | 15/07/2025 | 04/02/2025 | 31.25 | Book - Borrowing | |||||
| Dewey Decimal Classification | Central Library | Central Library | Lower Floor | 28/02/2018 | 8 | 35 | 152.402465 DAN | 000047315 | 15/07/2025 | 14/11/2023 | Book - Borrowing |